000 01452 a2200265 4500
003 Nust
005 20230210091554.0
010 _a 94010703
020 _a0195775481 (South Asia)
020 _a1856491315 (hb) :
020 _a1856491323 (pb) :
040 _cNust
082 0 0 _a958,RAS
100 1 _aRashid, Ahmed.
_990631
245 1 4 _aThe resurgence of Central Asia :
_bIslam or nationalism? /
_cAhmed Rashid.
260 _aKarachi [Pakistan] :
_bOxford University Press ;
_aLondon ;
_aAtlantic Highlands, N.J., USA :
_bZed Books,
_cc1994.
300 _aviii, 278 p. :
_bmap ;
_c23 cm.
440 0 _aPolitics in contemporary Asia
_9108823
505 _aConquerors , Khans and Communist (Page-1), The Two Revolution -1917-and 1991 (Page-25), Socialism Along the Silk Road – Economy and Society in Central Asia (Page-49), At the Centre of the World – Uzbekistan (Page-78), Warriors of the Turquoise hills – Kazakhstan (Page-107), The Cradle of the Earth – Kyrgyzstan (Page-136), The Mountains of Islam-Tajikistan (Page-159), The Desert Horsemen-Turkmenistan Policy (Page-187), Uncertain Homelands Security, Islam and Nationalism (Page-232).
650 0 _aIslam
_zAsia, Central
_xHistory
_y20th century.
_9108824
650 0 _aNationalism
_zAsia, Central
_xHistory
_y20th century.
_9108825
651 0 _aAsia, Central
_xHistory.
_9108816
856 4 1 _3Table of contents
_uhttp://www.loc.gov/catdir/toc/hol052/94010703.html
942 _2ddc
_cBK
999 _c187116
_d187116